[Event "Latschach op 25th"]
[Site "Latschach"]
[Date "2009.08.11"]
[Round "5"]
[White "Trevisan, Luigi"]
[Black "Granditsch, Markus"]
[Result "1-0"]
[WhiteElo "2145"]
[BlackElo "2032"]
[PlyCount "155"]
[EventDate "2009.08.08"]
[EventType "swiss"]
[EventRounds "9"]
[EventCountry "AUT"]
[SourceTitle "CBM 131 Extra"]
[Source "ChessBase"]
[SourceDate "2009.09.03"]
[SourceVersion "2"]
[SourceVersionDate "2009.09.16"]
[SourceQuality "1"]

1. c4 g6 2. Nc3 Bg7 3. Nf3 Nf6 4. g3 0-0 5. Bg2 d6 6. 0-0 e5 7. d3 c6 8. Rb1 Nh5 9. b4 f5 10. Qb3 h6 11. Bb2 Kh7 12. a4 Be6 13. Nd2 Nd7 14. a5 Rb8 15. Qa4 a6 16. Qc2 Nhf6 17. Na4 g5 18. d4 e4 19. g4 Nxg4 20. d5 cxd5 21. cxd5 Bxd5 22. Nxe4 Bxb2 23. Rxb2 Qe7 24. Ng3 Bxg2 25. Kxg2 Rbc8 26. Qb1 Qe6 27. b5 Rc4 28. Nb6 Nxb6 29. bxa6 Qd5+ 30. Kg1 bxa6 31. axb6 Kg6 32. Rd1 Qc5 33. e4 Rb4 34. exf5+ Kg7 35. Qa1 Kh7 36. Re2 Ne5 37. Qxa6 Rxb6 38. Qa7+ Rf7 39. Qa8 Qc6 40. Qxc6 Rxc6 41. Kg2 Kg8 42. Rd5 Kf8 43. h3 Ke7 44. Ra5 Kf6 45. Ra8 Rd7 46. Re8 Re7 47. Nh5+ Kf7 48. Rh8 Re8 49. Rh7+ Kf8 50. Rxh6 Nf7 51. Rxe8+ Kxe8 52. Re6+ Kd7 53. Nf6+ Kc8 54. Nd5 Rc5 55. Rf6 Rxd5 56. Rxf7 Kd8 57. Kg3 Rd3+ 58. Kg4 Rd2 59. Kxg5 Rxf2 60. Kf6 d5 61. Rg7 Ke8 62. Re7+ Kf8 63. Rd7 Kg8 64. Rxd5 Rh2 65. Rd3 Rb2 66. Rg3+ Kh8 67. Kg6 Rb8 68. Rc3 Rg8+ 69. Kf7 Rg7+ 70. Kf6 Kh7 71. Rc4 Kg8 72. Rg4 Kh8 73. Ke6 Rh7 74. f6 Rxh3 75. f7 Rh6+ 76. Ke7 Kh7 77. f8Q Re6+ 78. Kd7 1-0

[Event "Latschach op 22nd"]
[Site "Latschach"]
[Date "2006.08.14"]
[Round "4"]
[White "Schirmbeck, Stepanka"]
[Black "Trevisan, Luigi"]
[Result "1/2-1/2"]
[WhiteElo "2053"]
[BlackElo "2166"]
[PlyCount "79"]
[EventDate "2006.08.12"]
[EventType "swiss"]
[EventRounds "9"]
[EventCountry "AUT"]
[SourceTitle "CBM 113 Extra"]
[Source "ChessBase"]
[SourceDate "2006.09.14"]
[SourceVersion "1"]
[SourceVersionDate "2006.09.14"]
[SourceQuality "1"]

1. Nf3 d5 2. c4 e6 3. e3 Nf6 4. b3 c6 5. Be2 Nbd7 6. Bb2 Bd6 7. cxd5 exd5 8. Ba3 Bxa3 9. Nxa3 0-0 10. 0-0 Nc5 11. Rc1 Qe7 12. Qc2 Nce4 13. Qb2 Bg4 14. d3 Nc5 15. b4 Ncd7 16. Nd4 Qe5 17. h3 Bf5 18. Rc2 Rfe8 19. Nxf5 Qxf5 20. Nb1 a6 21. Nd2 Ne5 22. Qd4 Rad8 23. Nb3 Nc4 24. Qc3 Nd6 25. Qc5 h6 26. Nd4 Qd7 27. a4 Qe7 28. Rfc1 Nd7 29. Qc3 Qg5 30. Nf3 Qg6 31. Qd4 Kf8 32. Nh4 Qg5 33. Nf3 Qe7 34. Qf4 Ne5 35. Nxe5 Qxe5 36. Qxe5 Rxe5 37. d4 Re7 38. b5 cxb5 39. axb5 a5 40. b6 1/2-1/2

[Event "Faakersee op 18th"]
[Site "Latschach"]
[Date "2002.08.14"]
[Round "6"]
[White "Dymann, Frank"]
[Black "Trevisan, Luigi"]
[Result "0-1"]
[WhiteElo "2047"]
[BlackElo "1918"]
[PlyCount "106"]
[EventDate "2002.08.??"]
[EventType "swiss"]
[EventRounds "9"]
[EventCountry "AUT"]
[SourceTitle "EXT 2006"]
[Source "ChessBase"]
[SourceDate "2005.11.24"]
[SourceVersion "1"]
[SourceVersionDate "2005.11.24"]
[SourceQuality "1"]

1. Nf3 d5 2. d4 Nf6 3. e3 c6 4. Bd3 Bg4 5. c4 e6 6. Qb3 Qb6 7. Ne5 Bh5 8. c5 Qc7 9. Nc3 Bg6 10. Nxg6 hxg6 11. h3 Nbd7 12. e4 dxe4 13. Nxe4 Nxe4 14. Bxe4 0-0-0 15. Be3 Nf6 16. Bf3 Nd5 17. 0-0-0 Be7 18. Qa4 Qb8 19. Rd3 Nxe3 20. fxe3 Bg5 21. Rb3 Rh4 22. Kb1 Bxe3 23. Rxe3 Rhxd4 24. Qb3 Qf4 25. Rhe1 Rd2 26. Qc3 Qf5+ 27. Ka1 Rc2 28. Qe5 Rxc5 29. Qxf5 gxf5 30. Kb1 Rd2 31. R3e2 Rcc2 32. Rxd2 Rxd2 33. Kc1 Rf2 34. Re2 Rf1+ 35. Kc2 Kc7 36. Rd2 Re1 37. Kc3 e5 38. Bh5 g6 39. Be2 b5 40. Bd1 Re3+ 41. Rd3 Re1 42. Bb3 e4 43. Rg3 f4 44. Rg4 f5 45. Rxf4 Kd6 46. Rf2 Ke5 47. Bc2 Re3+ 48. Kd2 Kd4 49. Re2 Rg3 50. Ke1 e3 51. Bb3 f4 52. Be6 f3 53. Rd2+ exd2+ 0-1

[Event "Faakersee op 18th"]
[Site "Latschach"]
[Date "2002.08.11"]
[Round "2"]
[White "Hafner, Robert"]
[Black "Trevisan, Luigi"]
[Result "1/2-1/2"]
[WhiteElo "2145"]
[BlackElo "1918"]
[PlyCount "39"]
[EventDate "2002.08.??"]
[EventType "swiss"]
[EventRounds "9"]
[EventCountry "AUT"]
[SourceTitle "EXT 2006"]
[Source "ChessBase"]
[SourceDate "2005.11.24"]
[SourceVersion "1"]
[SourceVersionDate "2005.11.24"]
[SourceQuality "1"]

1. d4 d5 2. c4 c6 3. Nf3 Nf6 4. Nc3 dxc4 5. a4 Bf5 6. e3 e6 7. Bxc4 Nbd7 8. 0-0 Bd6 9. Qe2 Ne4 10. Rd1 0-0 11. Bd3 Ndf6 12. Nxe4 Nxe4 13. Qc2 Ng5 14. Nxg5 Bxd3 15. Rxd3 Qxg5 16. e4 Bf4 17. Rg3 Qh6 18. Rh3 Qg5 19. Rg3 Qh6 20. Rh3 1/2-1/2

[Event "Faakersee op 18th"]
[Site "Latschach"]
[Date "2002.08.11"]
[Round "3"]
[White "Trevisan, Luigi"]
[Black "Zvan, Ziga"]
[Result "1-0"]
[WhiteElo "1918"]
[BlackElo "2128"]
[PlyCount "111"]
[EventDate "2002.08.??"]
[EventType "swiss"]
[EventRounds "9"]
[EventCountry "AUT"]
[SourceTitle "EXT 2006"]
[Source "ChessBase"]
[SourceDate "2005.11.24"]
[SourceVersion "1"]
[SourceVersionDate "2005.11.24"]
[SourceQuality "1"]

1. d4 Nf6 2. Nf3 g6 3. c4 Bg7 4. Nc3 d5 5. cxd5 Nxd5 6. e4 Nxc3 7. bxc3 c5 8. Be3 Nc6 9. Rb1 cxd4 10. cxd4 Qa5+ 11. Qd2 Qxd2+ 12. Kxd2 0-0 13. d5 Rd8 14. Bd3 Ne5 15. Nxe5 Bxe5 16. f4 Bg7 17. Bc5 Bf8 18. Ke3 b6 19. Bd4 Bb7 20. Rhc1 Rac8 21. a4 e6 22. Bf6 Rd7 23. Rxc8 Bxc8 24. Rc1 Bc5+ 25. Bd4 exd5 26. Bxc5 bxc5 27. Rxc5 Bb7 28. e5 f6 29. Kd4 fxe5+ 30. fxe5 a6 31. a5 Kf7 32. g3 h5 33. h4 Re7 34. Bf1 g5 35. hxg5 Kg6 36. Bxa6 Bxa6 37. Rc6+ Kxg5 38. Rxa6 Kf5 39. Ra8 Rg7 40. Rf8+ Ke6 41. Rf6+ Ke7 42. Rh6 Rxg3 43. Rxh5 Ra3 44. Rh7+ Ke6 45. Rh6+ Kf5 46. Rf6+ Kg5 47. a6 Ra5 48. Kc3 Ra1 49. Kb4 d4 50. Kc4 Ra4+ 51. Kd3 Rb4 52. a7 Ra4 53. Rf7 Kg6 54. e6 Ra6 55. Kxd4 Rxe6 56. Rf8 1-0